[Event "CHN League Men 2019"]
[Site "Daqing CHN"]
[Date "2019.06.27"]
[Round "9.1"]
[Board "2"]
[White "Li, Chao b"]
[Black "Chen, KaiLin"]
[Result "1-0"]
[WhiteTitle "GM"]
[WhiteElo "2698"]
[BlackElo "2073"]
[WhiteTeam "Beijing"]
[BlackTeam "Wuxi"]
[WhiteFideId "8604436"]
[BlackFideId "8620954"]
[EventDate "2019.06.19"]
[EventType "team"]

1. d4 d5 2. c4 e6 3. Nc3 Nf6 4. cxd5 exd5 5. Bg5 Be7 6. e3 c6 7. Bd3 O-O 8. Qc2
Nbd7 9. Nf3 Re8 10. h3 h6 11. Bf4 Nf8 12. O-O-O Bd6 13. Bxd6 Qxd6 14. g4 N6d7
15. Rhg1 g6 16. h4 b5 17. Kb1 a5 18. Ne2 Ba6 19. h5 g5 20. Ng3 b4 21. Bxa6 Rxa6
22. Nf5 Qf6 23. Rc1 Ne6 24. Ne1 Kh8 25. Nd3 Ng7 26. Ng3 Qd6 27. Qd2 Raa8 28. f4
f6 29. Rge1 Re7 30. Qc2 Rc8 31. Qa4 Qc7 32. Re2 Qb6 33. Qc2 Qb5 34. Nc5 Nf8 35.
Rf1 Qb8 36. e4 gxf4 37. exd5 Qd6 38. Rxe7 Qxe7 39. Nf5 Nxf5 40. Qxf5 Rd8 41.
Qxf4 Rxd5 42. Qxf6+ Qxf6 43. Rxf6 Kg7 44. Rf4 Rd6 45. Kc2 Ne6 46. Nxe6+ Rxe6 47.
Kd3 Re1 48. Rf2 Rg1 49. Rc2 Rg3+ 50. Kc4 Rxg4 51. Kc5 Rf4 52. Rd2 Rf6 53. b3 Kf7
54. Rg2 Re6 55. Kb6 Rd6 56. Rg4 Rd5 57. Rh4 Ke6 58. Kxc6 Rd6+ 59. Kc7 Kd5 60.
Rf4 Rc6+ 61. Kd7 Rc2 62. Rf5+ Kxd4 63. Rxa5 Kc3 64. Rc5+ Kb2 65. Rxc2+ Kxc2 66.
Kc6 1-0

[Event "CHN League Men 2019"]
[Site "Daqing CHN"]
[Date "2019.06.27"]
[Round "9.1"]
[Board "3"]
[White "Zhao, Juncheng"]
[Black "Xiu, Deshun"]
[Result "0-1"]
[BlackTitle "GM"]
[WhiteElo "1998"]
[BlackElo "2538"]
[WhiteTeam "Wuxi"]
[BlackTeam "Beijing"]
[WhiteFideId "8609489"]
[BlackFideId "8603693"]
[EventDate "2019.06.19"]
[EventType "team"]

1. e4 c5 2. c3 d5 3. exd5 Qxd5 4. d4 g6 5. Be3 Nf6 6. dxc5 Qxd1+ 7. Kxd1 Ng4 8.
Nd2 Nxe3+ 9. fxe3 Bh6 10. e4 Nd7 11. Bb5 O-O 12. b4 Rd8 13. Bxd7 Bxd7 14. Ngf3
a5 15. Kc2 axb4 16. cxb4 Bg7 17. Nb3 Bc6 18. Nfd2 Bb5 19. Na5 b6 20. cxb6 Rac8+
21. Ndc4 Bxc4 22. Nxc4 Bxa1 23. Kb3 Rd3+ 24. Ka4 Rxc4 25. Rxa1 Rc6 26. Ka5 Rdd6
27. b5 Rxb6 28. a4 Rb8 29. Kb4 Rd4+ 30. Kc5 Rxe4 31. Ra2 Kf8 0-1

[Event "CHN League Men 2019"]
[Site "Daqing CHN"]
[Date "2019.06.27"]
[Round "9.2"]
[Board "1"]
[White "Bai, Jinshi"]
[Black "Xu, Xiangyu"]
[Result "1/2-1/2"]
[WhiteTitle "GM"]
[BlackTitle "GM"]
[WhiteElo "2606"]
[BlackElo "2583"]
[WhiteTeam "Shanghai"]
[BlackTeam "Chengdu"]
[WhiteFideId "8602280"]
[BlackFideId "8608288"]
[EventDate "2019.06.19"]
[EventType "team"]

1. d4 d5 2. Nf3 Nf6 3. c4 c6 4. g3 g6 5. Bg2 Bg7 6. cxd5 cxd5 7. Ne5 Ne4 8. Nd2
Nf6 9. Nb1 Ne4 10. O-O Nd7 11. Nxd7 Bxd7 12. Qb3 Bc6 13. Rd1 e6 14. Nc3 Nxc3 15.
Qxc3 O-O 16. b3 Rc8 17. Ba3 Re8 18. Qd2 b6 19. e3 h5 20. Rac1 Qd7 21. h4 Bb5 22.
Bb4 Ba6 23. Bc3 Bf8 24. Bb4 Bg7 25. Bc3 Bf8 26. Bb4 1/2-1/2

[Event "CHN League Men 2019"]
[Site "Daqing CHN"]
[Date "2019.06.27"]
[Round "9.2"]
[Board "2"]
[White "Li, Di"]
[Black "Xu, Yi"]
[Result "1/2-1/2"]
[WhiteTitle "IM"]
[BlackTitle "IM"]
[WhiteElo "2535"]
[BlackElo "2526"]
[WhiteTeam "Chengdu"]
[BlackTeam "Shanghai"]
[WhiteFideId "8607508"]
[BlackFideId "8605564"]
[EventDate "2019.06.19"]
[EventType "team"]

1. d4 Nf6 2. c4 e6 3. Nf3 d5 4. Nc3 a6 5. cxd5 exd5 6. Bg5 Be6 7. e3 Nbd7 8. Bd3
Bd6 9. O-O c6 10. Bf4 Qc7 11. Bxd6 Qxd6 12. h3 O-O 13. Rc1 h6 14. Qc2 Qe7 15.
Nd2 Ne8 16. Nb3 Nd6 17. Ne2 Nf6 18. Ng3 Nfe4 19. Ne2 Bf5 20. Nc5 Rae8 21. Bxe4
Bxe4 22. Qc3 h5 23. a4 g5 24. Qb4 Bg6 25. Rc3 Rb8 26. a5 h4 27. Rcc1 Kg7 28. b3
f6 29. Nc3 Rbe8 30. Rfe1 Rf7 31. Qb6 Nc8 32. Qb4 Nd6 33. Qb6 Nc8 34. Qb4 1/2-1/2

[Event "CHN League Men 2019"]
[Site "Daqing CHN"]
[Date "2019.06.27"]
[Round "9.2"]
[Board "3"]
[White "Lou, Yiping"]
[Black "Liu, Guanchu"]
[Result "1-0"]
[WhiteTitle "IM"]
[BlackTitle "IM"]
[WhiteElo "2482"]
[BlackElo "2462"]
[WhiteTeam "Shanghai"]
[BlackTeam "Chengdu"]
[WhiteFideId "8603928"]
[BlackFideId "8603901"]
[EventDate "2019.06.19"]
[EventType "team"]

1. d4 Nf6 2. c4 e6 3. Nc3 Bb4 4. e3 b6 5. Ne2 Ba6 6. a3 Bxc3+ 7. Nxc3 d5 8. b3
Nc6 9. Be2 dxc4 10. O-O Qd7 11. a4 Na5 12. Rb1 c5 13. Ba3 Nb7 14. bxc4 O-O 15.
Nb5 Rfc8 16. Qd3 Na5 17. Rfd1 cxd4 18. Qxd4 Qxd4 19. Rxd4 e5 20. Rdd1 h6 21.
Rdc1 Bb7 22. Nd6 Rc7 23. c5 bxc5 24. Bb4 Nc6 25. Rxc5 Rd8 26. Rcc1 Rcd7 27. Nxb7
Rxb7 28. Be1 Rxb1 29. Rxb1 Rd5 30. Rc1 Ne7 31. h3 Rd7 32. g4 Rb7 33. Bf3 e4 34.
Be2 Ng6 35. Bb5 Nh4 36. Ba5 a6 37. Bxa6 Ra7 38. Rc6 Nf3+ 39. Kg2 Ne5 40. Rd6 1-0

[Event "CHN League Men 2019"]
[Site "Daqing CHN"]
[Date "2019.06.27"]
[Round "9.2"]
[Board "4"]
[White "Zhao, Yuanhe"]
[Black "Xu, Yining"]
[Result "1/2-1/2"]
[WhiteElo "2444"]
[BlackElo "2359"]
[WhiteTeam "Chengdu"]
[BlackTeam "Shanghai"]
[WhiteFideId "8609497"]
[BlackFideId "8603650"]
[EventDate "2019.06.19"]
[EventType "team"]

1. Nf3 f5 2. g3 Nf6 3. Bg2 g6 4. O-O Bg7 5. d4 O-O 6. c4 d6 7. Nc3 c6 8. b3 Na6
9. Qc2 Nb4 10. Qd2 e5 11. dxe5 dxe5 12. Nxe5 Qa5 13. f4 Rd8 14. Qb2 Nd7 15. a3
Qb6+ 16. Kh1 Nxe5 17. fxe5 Na6 18. Bf4 Be6 19. Na4 Qa5 20. Rae1 Rac8 21. e4 b5
22. Nc3 bxc4 23. exf5 gxf5 24. b4 Qb6 25. Be3 c5 26. Qc1 Rd3 27. Na4 Qb5 28.
Nxc5 Nxc5 29. Bxc5 h6 30. Rf2 a5 31. Rc2 Rxc5 32. bxc5 Qxc5 33. Rc3 Qd4 34. Rxd3
cxd3 35. Qd2 a4 36. Rd1 Bc4 37. e6 Qd6 38. Qe3 Bf8 39. g4 fxg4 40. Qe4 Qxe6 41.
Qxe6+ Bxe6 42. Rxd3 Kf7 43. Bc6 Bb3 44. Rd4 Bxa3 45. Bxa4 Be6 46. Bd7 Bxd7 47.
Rxd7+ Kg6 1/2-1/2

[Event "CHN League Men 2019"]
[Site "Daqing CHN"]
[Date "2019.06.27"]
[Round "9.3"]
[Board "2"]
[White "Xu, Jun"]
[Black "Xiang, Zeyu"]
[Result "0-1"]
[WhiteTitle "GM"]
[BlackTitle "IM"]
[WhiteElo "2481"]
[BlackElo "2432"]
[WhiteTeam "Jiangsu"]
[BlackTeam "Hangzhou"]
[WhiteFideId "8600031"]
[BlackFideId "8608547"]
[EventDate "2019.06.19"]
[EventType "team"]

1. c4 e6 2. g3 d5 3. Bg2 d4 4. Nf3 c5 5. O-O Nc6 6. e3 Nf6 7. exd4 cxd4 8. d3
Bd6 9. Bg5 h6 10. Bxf6 Qxf6 11. Nbd2 Qe7 12. Re1 O-O 13. a3 a5 14. Rc1 Rd8 15.
Ne4 Bc7 16. c5 Bd7 17. Qe2 a4 18. Nfd2 Na5 19. Nc4 Nb3 20. Rc2 Bc6 21. f4 Bxe4
22. Bxe4 Nxc5 23. Bf3 Rac8 24. f5 b5 25. Nd2 Ba5 26. fxe6 Nxe6 27. Rec1 Rxc2 28.
Rxc2 Bxd2 29. Qxd2 Ng5 30. Bg2 Qe3+ 31. Kf1 Ne6 32. Qe2 Qg5 33. Bf3 g6 34. Kf2
Re8 35. h4 Qd8 36. Qe5 Ng5 37. Qd5 Nxf3 38. Qxd8 Rxd8 39. Kxf3 Re8 40. Rc5 Re3+
41. Kf2 b4 42. Rc4 bxa3 43. bxa3 Rxd3 44. Rxa4 Kg7 45. Rb4 Kf6 46. a4 Ke5 47.
Rb7 f6 48. Re7+ Kf5 49. a5 Ra3 50. Rd7 Ra4 51. Kf3 Ra3+ 52. Kf2 Ke4 53. Re7+ Kd3
54. Re6 Rxa5 55. g4 h5 56. Rxf6 g5 57. Rf5 Ra2+ 58. Kf1 gxh4 59. Rxh5 Rh2 60. g5
Rh3 61. g6 Rg3 62. Rxh4 Rxg6 0-1

[Event "CHN League Men 2019"]
[Site "Daqing CHN"]
[Date "2019.06.27"]
[Round "9.3"]
[Board "3"]
[White "Zou, Chen"]
[Black "Yu, Ruiyuan"]
[Result "1/2-1/2"]
[WhiteTitle "FM"]
[BlackTitle "GM"]
[WhiteElo "2415"]
[BlackElo "2471"]
[WhiteTeam "Hangzhou"]
[BlackTeam "Jiangsu"]
[WhiteFideId "8610959"]
[BlackFideId "8603090"]
[EventDate "2019.06.19"]
[EventType "team"]

1. c4 Nf6 2. Nc3 e6 3. Nf3 c5 4. g3 b6 5. Bg2 Bb7 6. O-O Be7 7. Re1 d5 8. cxd5
Nxd5 9. e4 Nxc3 10. bxc3 O-O 11. d4 Nd7 12. Rb1 Rc8 13. d5 exd5 14. exd5 Bf6 15.
c4 Re8 16. Rxe8+ Qxe8 17. Bf4 Nf8 18. Nd2 Be5 19. Bxe5 Qxe5 20. Qa4 Ra8 21. Ne4
Qc7 22. Rd1 Qd7 23. Qxd7 Nxd7 24. Nd6 Ba6 25. Re1 Kf8 26. Bh3 Nf6 27. Re3 Ne8
28. Nxe8 Rxe8 29. Rc3 Re1+ 30. Bf1 Ra1 31. a3 Ke7 32. Kg2 Kd6 33. Rf3 f6 34. h4
Rxf1 35. Kxf1 Bxc4+ 36. Ke1 b5 37. h5 h6 38. Rf4 Kxd5 39. Rg4 a5 40. Rxg7 b4 41.
Kd2 Bb5 42. Ra7 a4 43. g4 Kd4 44. axb4 cxb4 45. f4 a3 46. g5 fxg5 47. fxg5 hxg5
48. h6 Bd3 49. h7 Bxh7 50. Rxh7 a2 51. Ra7 b3 52. Ra4+ Ke5 53. Kc3 g4 54. Kxb3
g3 55. Kxa2 Kf5 56. Ra8 Kf4 57. Kb3 g2 58. Rg8 Kf3 59. Kc3 Kf2 1/2-1/2

[Event "CHN League Men 2019"]
[Site "Daqing CHN"]
[Date "2019.06.27"]
[Round "9.3"]
[Board "4"]
[White "Chen, Qi b"]
[Black "Lin, Yi"]
[Result "1/2-1/2"]
[WhiteTitle "IM"]
[WhiteElo "2453"]
[BlackElo "2396"]
[WhiteTeam "Jiangsu"]
[BlackTeam "Hangzhou"]
[WhiteFideId "8614733"]
[BlackFideId "8609659"]
[EventDate "2019.06.19"]
[EventType "team"]

1. e4 c6 2. c4 d5 3. exd5 cxd5 4. d4 Nf6 5. Nc3 Nc6 6. Nf3 Bg4 7. cxd5 Nxd5 8.
Qb3 Bxf3 9. gxf3 e6 10. Qxb7 Nxd4 11. Bb5+ Nxb5 12. Qc6+ Ke7 13. Qxb5 Qd7 14.
Nxd5+ Qxd5 15. Qxd5 exd5 16. O-O Ke6 17. Re1+ Kf5 18. Rd1 Ke6 19. Re1+ Kf5 20.
Rd1 Ke6 21. Re1+ Kf5 1/2-1/2

[Event "CHN League Men 2019"]
[Site "Daqing CHN"]
[Date "2019.06.27"]
[Round "9.4"]
[Board "1"]
[White "Dai, Changren"]
[Black "Zhang, Ziji"]
[Result "1-0"]
[WhiteTitle "IM"]
[WhiteElo "2480"]
[BlackElo "2408"]
[WhiteTeam "Tianjin"]
[BlackTeam "Hebei"]
[WhiteFideId "8608156"]
[BlackFideId "8609470"]
[EventDate "2019.06.19"]
[EventType "team"]

1. e4 d6 2. d4 Nf6 3. Nc3 e5 4. Nf3 Nbd7 5. Be2 Be7 6. g4 Nxg4 7. Rg1 exd4 8.
Nxd4 Nge5 9. Rxg7 Nb6 10. a4 Bh4 11. a5 Nbd7 12. Be3 Nc5 13. Qd2 c6 14. O-O-O
Qxa5 15. Kb1 Na4 16. Nxa4 Qxa4 17. Bg5 Bxf2 18. Nb5 Be6 19. Nc7+ 1-0

[Event "CHN League Men 2019"]
[Site "Daqing CHN"]
[Date "2019.06.27"]
[Round "9.4"]
[Board "2"]
[White "Peng, Hongchi"]
[Black "Li, Yankai"]
[Result "0-1"]
[WhiteElo "2370"]
[BlackElo "2432"]
[WhiteTeam "Hebei"]
[BlackTeam "Tianjin"]
[WhiteFideId "8609047"]
[BlackFideId "8609357"]
[EventDate "2019.06.19"]
[EventType "team"]

1. e4 e5 2. Nf3 Nf6 3. Nxe5 d6 4. Nf3 Nxe4 5. Nc3 Nxc3 6. dxc3 Be7 7. Be3 Nc6 8.
Qd2 Be6 9. O-O-O Qd7 10. Kb1 a6 11. Ng5 Bxg5 12. Bxg5 f6 13. Be3 O-O-O 14. c4 d5
15. cxd5 Qxd5 16. Qxd5 Bxd5 17. a3 Ne5 18. f3 Rhe8 19. Bd4 Nxf3 20. Bc3 Nh4 21.
Bd3 Nxg2 22. Rhg1 Be4 23. Rd2 Bxd3 24. Rdxg2 Bg6 25. b4 Re3 26. Kb2 Rd5 27. Rg3
Re2 28. R1g2 Rxg2 29. Rxg2 b5 30. Bd2 Rd4 31. Be3 Rc4 32. c3 Re4 33. Bd4 Kd7 34.
a4 Ke6 35. a5 Kf7 36. Kc1 Bh5 37. Kd2 g5 38. Rf2 Re6 39. Kd3 Bg6+ 40. Kd2 Be4
41. h4 h6 42. hxg5 hxg5 43. Rh2 Kg6 44. Rh8 f5 45. Ke2 f4 46. Rf8 Kh5 47. Kf2
Kg4 48. Rf6 Rxf6 49. Bxf6 Kf5 50. Bd8 c6 51. Bc7 g4 52. Ke2 g3 0-1

[Event "CHN League Men 2019"]
[Site "Daqing CHN"]
[Date "2019.06.27"]
[Round "9.4"]
[Board "3"]
[White "Chu, Wei Chao"]
[Black "Yang, Yanqing"]
[Result "1-0"]
[WhiteTitle "IM"]
[WhiteElo "2374"]
[BlackElo "1910"]
[WhiteTeam "Tianjin"]
[BlackTeam "Hebei"]
[WhiteFideId "8605661"]
[BlackFideId "8613575"]
[EventDate "2019.06.19"]
[EventType "team"]

1. d4 Nf6 2. c4 e6 3. Nf3 d5 4. g3 c6 5. Bg2 Bd6 6. Qc2 Nbd7 7. O-O O-O 8. Rd1
Qe7 9. Bg5 h6 10. Bxf6 Nxf6 11. Nbd2 Bd7 12. e4 dxe4 13. Nxe4 Nxe4 14. Qxe4 Rad8
15. c5 Bb8 16. b4 f5 17. Qe2 f4 18. Ne5 Qf6 19. b5 Bxe5 20. dxe5 f3 21. exf6
fxe2 22. Rd2 gxf6 23. Rxe2 Kf7 24. f4 Rb8 25. Rd2 Rfd8 26. a4 Be8 27. Rb2 Rbc8
28. bxc6 Bxc6 29. Bxc6 bxc6 30. Rb7+ Kg6 31. Ra2 Ra8 32. a5 Kf5 33. Kf2 e5 34.
fxe5 fxe5 35. Ke3 e4 36. Rf2+ Ke5 37. Re7+ Kd5 38. Rxe4 Kxc5 39. Rc2+ Kb5 40.
Rec4 Re8+ 41. Kf4 Rf8+ 42. Kg4 Rg8+ 43. Kh5 Kxa5 44. Rxc6 Kb5 45. R2c5+ Kb4 46.
Rc1 Kb5 47. R6c2 a5 48. Rb1+ Ka6 49. Rc6+ Ka7 50. Rc7+ Ka6 51. Rcb7 1-0

[Event "CHN League Men 2019"]
[Site "Daqing CHN"]
[Date "2019.06.27"]
[Round "9.4"]
[Board "4"]
[White "Mi, Tenglong"]
[Black "Zhao, Zhouqiao CHN"]
[Result "1/2-1/2"]
[BlackTitle "FM"]
[WhiteElo "1692"]
[BlackElo "2215"]
[WhiteTeam "Hebei"]
[BlackTeam "Tianjin"]
[WhiteFideId "8623627"]
[BlackFideId "8608342"]
[EventDate "2019.06.19"]
[EventType "team"]

1. e4 e5 2. f4 Qh4+ 3. g3 Qe7 4. fxe5 d6 5. Nc3 dxe5 6. Bc4 Be6 7. Nd5 Qd6 8. d3
Nc6 9. Bd2 h5 10. Nf3 Nge7 11. Ne3 f6 12. Qe2 Bxc4 13. Nxc4 Qe6 14. Ne3 O-O-O
15. h4 a6 16. b4 Nd4 17. Nxd4 exd4 18. Ng2 Qd6 19. Nf4 Nc6 20. Rb1 Ne5 21. Nxh5
Qc6 22. Rb2 f5 23. Nf4 g5 24. Nd5 gxh4 25. Rxh4 Rxh4 26. gxh4 fxe4 27. dxe4 Nc4
28. Rb3 Nxd2 29. Qxd2 Re8 30. Qxd4 Qxc2 31. Rd3 Bd6 32. Nf6 Rd8 33. Rd2 Bg3+ 34.
Ke2 Rxd4 35. Rxc2 Be5 36. Nd5 Rxe4+ 37. Kf3 Rd4 38. Nb6+ Kb8 39. Re2 Rf4+ 40.
Kg2 cxb6 41. Rxe5 Rxh4 42. a3 1/2-1/2

[Event "CHN League Men 2019"]
[Site "Daqing CHN"]
[Date "2019.06.27"]
[Round "9.5"]
[Board "1"]
[White "Zhao, Jun"]
[Black "Xie, Jianjun"]
[Result "1/2-1/2"]
[WhiteTitle "GM"]
[BlackTitle "FM"]
[WhiteElo "2625"]
[BlackElo "2427"]
[WhiteTeam "Shandong"]
[BlackTeam "Hunan"]
[WhiteFideId "8602522"]
[BlackFideId "8600953"]
[EventDate "2019.06.19"]
[EventType "team"]

1. e4 d6 2. d4 Nf6 3. Nc3 c6 4. a4 Qa5 5. Bd2 Qb6 6. Nge2 e5 7. a5 Qc7 8. h3 g6
9. g3 Bg7 10. Bg2 Be6 11. O-O Bc4 12. Be3 Nbd7 13. b3 Ba6 14. f4 exd4 15. Bxd4
O-O 16. Qd2 Rfe8 17. Rfe1 Nc5 18. Bxc5 dxc5 19. e5 Rad8 20. Qe3 Nd5 21. Qxc5 Bf8
22. Qf2 Bb4 23. Ne4 Bxe1 24. Qxe1 f5 25. Nc5 Ne3 26. Nxa6 bxa6 27. Qc3 Nxg2 28.
Kxg2 Qd7 29. Kf2 Qd5 30. Ra4 Qh1 31. Rd4 Qh2+ 32. Ke3 Rxd4 33. Qxd4 g5 34. Qc4+
Kf8 35. Qxc6 gxf4+ 36. gxf4 Qxh3+ 37. Kd2 Rd8+ 38. Kc1 Qe3+ 39. Kb2 Qxe2 40.
Qf6+ Ke8 41. Qe6+ Kf8 42. Qf6+ Ke8 43. Qe6+ 1/2-1/2

[Event "CHN League Men 2019"]
[Site "Daqing CHN"]
[Date "2019.06.27"]
[Round "9.5"]
[Board "2"]
[White "Shen, Siyuan"]
[Black "Wen, Yang"]
[Result "0-1"]
[WhiteTitle "IM"]
[BlackTitle "GM"]
[WhiteElo "2334"]
[BlackElo "2588"]
[WhiteTeam "Hunan"]
[BlackTeam "Shandong"]
[WhiteFideId "8602832"]
[BlackFideId "8602956"]
[EventDate "2019.06.19"]
[EventType "team"]

1. e4 e5 2. Nf3 Nc6 3. d4 exd4 4. Bc4 Nf6 5. e5 Ne4 6. Bd5 Nc5 7. O-O Ne6 8.
Nbd2 d6 9. Re1 Be7 10. Nb3 Nxe5 11. Bxe6 Bxe6 12. Nfxd4 Bg4 13. f3 Bd7 14. f4
Ng6 15. f5 Ne5 16. Bf4 O-O 17. Bxe5 dxe5 18. Rxe5 b6 19. Qf3 Bf6 20. Rd5 c5 21.
Ne2 Qe7 22. Rd2 Bg5 23. Rdd1 Qe3+ 24. Kh1 Qxf3 25. gxf3 Bc6 26. Kg2 Rae8 27. Ng3
Bf4 28. Re1 Rxe1 29. Rxe1 Rd8 30. c3 Kf8 31. Ne4 f6 32. Kh3 Rd5 33. Kg4 Bc7 34.
Ng3 Bxg3 35. hxg3 Bd7 36. Kh3 Rxf5 37. Kg2 Rd5 38. Re2 Bb5 39. Rd2 Bc4 40. Rxd5
Bxd5 41. Nc1 h5 42. b4 cxb4 43. cxb4 Bc4 44. f4 g5 45. fxg5 fxg5 46. Kf3 Ke7 47.
a4 Kd6 48. Ke4 h4 49. gxh4 gxh4 50. Kf4 Kd5 51. Kg4 Kd4 52. Kxh4 Kc3 0-1

[Event "CHN League Men 2019"]
[Site "Daqing CHN"]
[Date "2019.06.27"]
[Round "9.5"]
[Board "3"]
[White "Liu, Qingnan"]
[Black "Li, Bo"]
[Result "1-0"]
[WhiteTitle "GM"]
[BlackTitle "IM"]
[WhiteElo "2551"]
[BlackElo "2330"]
[WhiteTeam "Shandong"]
[BlackTeam "Hunan"]
[WhiteFideId "8603294"]
[BlackFideId "8602786"]
[EventDate "2019.06.19"]
[EventType "team"]

1. e4 c5 2. Ne2 Nc6 3. d4 cxd4 4. Nxd4 Qb6 5. Nb3 Nf6 6. Bd3 g6 7. c4 Bg7 8. Nc3
d6 9. Be3 Qd8 10. Be2 O-O 11. O-O Be6 12. f4 Na5 13. Nd2 Rc8 14. Nd5 Nd7 15. Rb1
f5 16. b4 Nc6 17. Nf3 Kh8 18. Qe1 fxe4 19. Ng5 Bg8 20. Bg4 Nd4 21. Bxd4 Bxd4+
22. Kh1 Rxc4 23. Be6 Bf6 24. Bxg8 Bxg5 25. Be6 Bh6 26. Qh4 Bg7 27. Nxe7 Bf6 28.
Nxg6+ Kg7 29. Qg4 hxg6 30. Bxc4 Nb6 31. Be6 Rh8 32. f5 g5 33. Qxe4 d5 34. Qf3
Qd6 35. g3 Na4 36. Rbc1 b5 37. Bxd5 1-0

[Event "CHN League Men 2019"]
[Site "Daqing CHN"]
[Date "2019.06.27"]
[Round "9.6"]
[Board "1"]
[White "Fang, Yuxiang"]
[Black "Lu, Shanglei"]
[Result "1/2-1/2"]
[WhiteTitle "GM"]
[BlackTitle "GM"]
[WhiteElo "2463"]
[BlackElo "2624"]
[WhiteTeam "Shanxi"]
[BlackTeam "Zhejiang"]
[WhiteFideId "8605840"]
[BlackFideId "8603332"]
[EventDate "2019.06.19"]
[EventType "team"]

1. d4 d5 2. c4 c6 3. cxd5 cxd5 4. Nf3 Nf6 5. Nc3 Nc6 6. Bf4 Bf5 7. e3 e6 8. Bd3
Bxd3 9. Qxd3 Bd6 10. Bxd6 Qxd6 11. O-O O-O 12. Rfc1 Rfc8 13. h3 h6 14. Nd2 Ne7
15. a3 Nd7 16. Ne2 Rxc1+ 17. Rxc1 Rc8 18. Rxc8+ Nxc8 19. Qc3 Ne7 20. Nf3 f6 21.
Nd2 Kf7 22. f3 Qc6 23. Kf2 Qxc3 24. Nxc3 Nc6 25. Ke2 Ke7 26. Kd3 Kd6 27. Nb5+
Ke7 28. Nc3 Kd6 29. Nb5+ Ke7 30. Nc3 Kd6 1/2-1/2

[Event "CHN League Men 2019"]
[Site "Daqing CHN"]
[Date "2019.06.27"]
[Round "9.6"]
[Board "2"]
[White "Xu, Minghui"]
[Black "Zhou, Yibo"]
[Result "1-0"]
[WhiteElo "2368"]
[BlackElo "1934"]
[WhiteTeam "Zhejiang"]
[BlackTeam "Shanxi"]
[WhiteFideId "8606790"]
[BlackFideId "8610967"]
[EventDate "2019.06.19"]
[EventType "team"]

1. c4 Nf6 2. Nc3 d5 3. cxd5 Nxd5 4. g3 g6 5. Bg2 Nxc3 6. bxc3 Bg7 7. h4 h5 8.
Rb1 c6 9. Nf3 Nd7 10. O-O O-O 11. d4 Nb6 12. Ng5 e5 13. Qb3 Qc7 14. Ba3 Rd8 15.
dxe5 c5 16. e6 Bxe6 17. Nxe6 fxe6 18. Qxe6+ Qf7 19. Qxf7+ Kxf7 20. Bxc5 Bxc3 21.
Rfc1 Bd4 22. Bxd4 Rxd4 23. Rc7+ Kf6 24. Rxb7 Ra4 25. R7xb6+ axb6 26. Rxb6+ 1-0

[Event "CHN League Men 2019"]
[Site "Daqing CHN"]
[Date "2019.06.27"]
[Round "9.6"]
[Board "3"]
[White "Li, Deyang"]
[Black "Lan, Zilun"]
[Result "0-1"]
[WhiteElo "1697"]
[BlackElo "2352"]
[WhiteTeam "Shanxi"]
[BlackTeam "Zhejiang"]
[WhiteFideId "8622272"]
[BlackFideId "8604193"]
[EventDate "2019.06.19"]
[EventType "team"]

1. d4 Nf6 2. c4 g6 3. Nc3 Bg7 4. e4 d6 5. Nf3 O-O 6. h3 c6 7. Be3 a6 8. d5 cxd5
9. exd5 e5 10. c5 Re8 11. b4 e4 12. Nd2 dxc5 13. bxc5 Nxd5 14. Nxd5 Qxd5 15. Nc4
Qc6 16. Rc1 Be6 17. Nd6 Rd8 18. Qc2 b6 19. Nxe4 Bf5 20. f3 bxc5 21. Be2 Nd7 22.
O-O Rab8 23. Rb1 Rxb1 24. Qxb1 Nf6 25. Nxf6+ Bxf6 26. Qb3 Re8 27. Kh1 Qe6 28.
Bc4 Qxe3 29. Bxf7+ Kf8 30. Bxe8 Qxb3 31. axb3 Kxe8 32. g4 Be6 33. Rd1 Bxb3 34.
Rd6 Bd4 35. Rxa6 c4 36. Rd6 Bb2 37. Rb6 Kd7 38. Rb7+ Kc6 39. Rxh7 c3 40. Rh6 c2
41. Rxg6+ Kc7 0-1

[Event "CHN League Men 2019"]
[Site "Daqing CHN"]
[Date "2019.06.27"]
[Round "9.7"]
[Board "2"]
[White "Shi, Jiashuo"]
[Black "Wu, Xibin"]
[Result "1-0"]
[BlackTitle "IM"]
[WhiteElo "1564"]
[BlackElo "2203"]
[WhiteTeam "Qingdao"]
[BlackTeam "Heilongjiang"]
[WhiteFideId "8625409"]
[BlackFideId "8600309"]
[EventDate "2019.06.19"]
[EventType "team"]

1. d4 Nf6 2. c4 g6 3. Nc3 Bg7 4. Nf3 O-O 5. e4 d6 6. Be2 e5 7. dxe5 dxe5 8. Qxd8
Rxd8 9. Bg5 c6 10. Nxe5 Re8 11. f4 Na6 12. O-O-O Nc5 13. Bf3 Nh5 14. Bxh5 gxh5
15. Nd3 Nxe4 16. Nxe4 Rxe4 17. b3 Bf5 18. Rhe1 h6 19. Bh4 Rae8 20. Nc5 Rxe1 21.
Rxe1 Rxe1+ 22. Bxe1 b6 23. Na4 Bd4 24. Nc3 Kh7 25. Ne2 Bc5 26. Ng3 Kg6 27. Nxf5
Kxf5 28. Kd1 Kxf4 29. Ke2 Ke4 30. Bc3 Bd4 31. Bd2 Be5 32. h3 Bf4 33. Bc3 h4 34.
Bf6 Bg5 35. Bc3 Be7 36. Bb2 h5 37. Bc3 Kf4 38. Be1 Ke4 39. Bc3 Ba3 40. Bf6 a6
41. Bxh4 b5 42. cxb5 axb5 43. Bf6 Bb4 44. a4 bxa4 45. bxa4 Ba5 46. Be7 Kd4 47.
h4 c5 48. g4 hxg4 49. h5 Kd5 50. h6 Ke6 51. h7 Bc3 52. Bxc5 Kd5 53. Bg1 Kc4 54.
a5 Kb5 55. Kd3 Bg7 56. Bd4 f6 57. Bc3 1-0

[Event "CHN League Men 2019"]
[Site "Daqing CHN"]
[Date "2019.06.27"]
[Round "9.7"]
[Board "3"]
[White "Qu, Yanqiao"]
[Black "Qu, Hongxuan"]
[Result "1-0"]
[WhiteElo "2140"]
[BlackElo "1523"]
[WhiteTeam "Heilongjiang"]
[BlackTeam "Qingdao"]
[WhiteFideId "8603944"]
[BlackFideId "8620377"]
[EventDate "2019.06.19"]
[EventType "team"]

1. Nf3 d5 2. c4 e6 3. d4 Nf6 4. e3 Be7 5. Nbd2 O-O 6. Bd3 b6 7. b3 Bb7 8. O-O
Nbd7 9. Bb2 c5 10. cxd5 Nxd5 11. Qe2 Rc8 12. Rac1 cxd4 13. Nxd4 Nc5 14. Bb1 Bf6
15. Rfd1 Qe7 16. N2f3 Rfd8 17. Ba3 g6 18. e4 Nf4 19. Qe3 e5 20. Ne2 Nfe6 21. b4
Na6 22. Qb3 Nac7 23. b5 Qe8 24. Bd3 Nd4 25. Nexd4 exd4 26. Re1 Ne6 27. Bb4 Nf4
28. Bd2 Rxc1 29. Bxc1 Ne6 30. Bd2 Nc5 31. Qb1 Bc8 32. Bb4 Bg4 33. Bxc5 bxc5 34.
Nd2 Qe5 35. Nc4 Qg5 36. Qc1 Qxc1 37. Rxc1 Be7 38. Ne5 Bd7 39. Bc4 Be8 40. a4 Kf8
41. Kf1 f6 42. Nd3 Bd7 43. Ke2 Rc8 44. f3 Ke8 45. Nf4 Kd8 46. Nd5 Be6 47. a5
Bxd5 48. Bxd5 Kd7 49. Rb1 Rb8 50. b6 axb6 51. a6 Bd8 52. a7 Kc8 53. axb8=Q+ Kxb8 1-0